00708nam a2200181 i 4500001000700000003000900007005001700016007000300033008004100036100004400077245010700121260003400228300003400262650005700296852003200353999001900385952012200404101726ES-MaACL20250805063253.0t|051021s1971 sp ||||1| spa d1 aMeléndez, Bermudo, d1912-199997990510aPrácticas de paleontología b: fichero de paleontología estratigráfica / cBermudo Meléndez. aMadrid : bParaninfo, c1971. a15 p., lám. 1-80 ; c25 cm. 4aPaleontología-vGráficos, esquemas, etc.9214005 aES-MaACLjC-41231 bR.79502 c101726d101726 00104070aATENEOMbATENEOMcDEPO2d2008-01-17eSCl0oC-41231p1106200r2023-02-23 00:00:00w2023-02-23yMONOGRAFIA